|
|
|
|
| LEADER |
00000nam a2200000 a 4500 |
| 001 |
vtls001460960 |
| 003 |
SK-MaSNL |
| 005 |
20260302021337.0 |
| 008 |
251117s2002 xo a r ukr |
| 015 |
|
|
|a SNBA2003/11-04027
|
| 020 |
|
|
|a 8088769310
|
| 035 |
|
|
|a SNK000416267
|
| 035 |
|
|
|a urn:nbn:sk:snk-amls0j
|
| 035 |
|
|
|a urn:nbn:sk:snk-am00c9rc
|
| 035 |
|
|
|a 69731332-E3CF-42BA-B426-726236AFE9AA
|
| 040 |
|
|
|a SNK
|b slo
|c SNK
|e AACR2
|
| 041 |
0 |
|
|a ukr
|
| 044 |
|
|
|a xo
|c SK
|
| 072 |
|
7 |
|a 811.161
|x Východoslovanské jazyky
|2 konspekt
|
| 080 |
|
|
|a 37.016:811.161(075.2)(076.5)=161
|2 2. slo
|
| 080 |
|
|
|a 811.161
|2 1981
|
| 080 |
|
|
|a (075.2)
|2 1981
|
| 080 |
|
|
|a (076.1)
|2 1981
|
| 100 |
1 |
|
|a Hrib, Ján,
|d 1934-
|4 aut
|9 97760
|
| 245 |
1 |
0 |
|a Robočij zošyt z rusyn'skoho jazyka pro 6. klasu osnovnoj školy
|c [avtor: Jan Hryb ; ilustraciji: Anna Haëva]
|
| 250 |
|
|
|a 1. vyd.
|
| 260 |
|
|
|a V Prjašovi
|b Rusyn'ska obroda
|c [2002]
|
| 300 |
|
|
|a 60 s.
|b ilustr.
|c 30 cm
|
| 500 |
|
|
|a Súbež. tir. slov.
|
| 500 |
|
|
|a Obalový názov
|
| 650 |
0 |
7 |
|a rusínčina
|2 SNK
|9 51510
|
| 655 |
|
7 |
|a učebnice
|2 SNK
|9 22521
|
| 655 |
|
7 |
|a učebnice základných škôl
|2 SNK
|9 70187
|
| 655 |
|
7 |
|a pracovné zošity
|2 SNK
|9 70188
|
| 700 |
1 |
|
|a Gajová, Anna,
|d 1964-
|4 ill
|9 107295
|
| 710 |
0 |
|
|a Rusínska obroda Prešov
|4 pbl
|9 665468
|
| 752 |
|
|
|d Prešov
|
| 919 |
|
|
|a 80-88769-31-0
|
| 958 |
0 |
7 |
|a RN
|
| 968 |
|
|
|d 37
|
| 999 |
|
|
|c 1028545
|d 1030475
|
| 952 |
|
|
|t P60, <03>, [BOOK], {603}
|a SNK
|b SNK
|y PREZ
|7 0
|p 17A0399445
|o snkSB 67373
|i snkKSP 12976/2003
|0 0
|1 0
|4 0
|d 2003-10-07
|f 1
|l 0
|r 2025-04-16 00:00:00
|w 2026-02-24
|
| 952 |
|
|
|t P60, <04>, [BOOK], {604}
|a SNK
|b SNK
|y VYP
|7 0
|p 17A0399444
|o snkSB 67373 D1
|i snkKSP 12977/2003
|0 0
|1 0
|4 0
|d 2003-10-07
|l 0
|r 2005-01-02 00:00:00
|w 2026-02-24
|